<?xml version="1.0" encoding="UTF-8"?>
<marc:record xmlns:marc="http://www.loc.gov/MARC21/slim">
   <marc:leader>00000nam a2200000 a 4500</marc:leader>
   <marc:datafield ind1="1" ind2=" " tag="100">
      <marc:subfield code="a">Grieser, Dietmar</marc:subfield>
      <marc:subfield code="4">aut</marc:subfield>
      <marc:subfield code="e">Verfasser/-in</marc:subfield>
   </marc:datafield>
   <marc:datafield ind1=" " ind2=" " tag="653">
      <marc:subfield code="a">Liebesbeziehung</marc:subfield>
   </marc:datafield>
   <marc:datafield ind1=" " ind2=" " tag="653">
      <marc:subfield code="a">Liebe</marc:subfield>
   </marc:datafield>
   <marc:datafield ind1=" " ind2=" " tag="653">
      <marc:subfield code="a">Künstlerbiografie</marc:subfield>
   </marc:datafield>
   <marc:datafield ind1="0" ind2="0" tag="245">
      <marc:subfield code="a">Das späte Glück</marc:subfield>
   </marc:datafield>
   <marc:datafield ind1="0" ind2="0" tag="245">
      <marc:subfield code="b">große Lieben großer Künstler</marc:subfield>
   </marc:datafield>
   <marc:datafield ind1="0" ind2="0" tag="245">
      <marc:subfield code="c">Dietmar Grieser</marc:subfield>
   </marc:datafield>
   <marc:datafield ind1=" " ind2="1" tag="264">
      <marc:subfield code="a">München</marc:subfield>
      <marc:subfield code="b">Amalthea</marc:subfield>
      <marc:subfield code="c">2003</marc:subfield>
   </marc:datafield>
   <marc:datafield ind1="1" ind2=" " tag="520">
      <marc:subfield code="a">Quelle: bn.bibliotheksnachrichten (http://www.biblio.at/literatur/bn/index.html); &lt;br/&gt;Autor: Maria Dorrer; &lt;br/&gt;Liebesepisoden aus dem Leben großer Künstler. (BI)&lt;br/&gt;&lt;br/&gt;Große Künstler wie Johann Wolfgang von Goethe, Heinrich Heine, Richard Wagner, Arthur Schnitzler, Edith Piaf und viele andere hatten das Glück, auf eine späte große Liebe zu treffen. Ihnen allen war Aphrodite hold, und die späte große Liebe als Glücksrausch, als nie gekanntes Mit-und Füreinander und als grenzenloses Vertrauen erlebbar. So pflegte Elise Krinitz den schwerkranken Heine bis zu seinem Tode, obwohl dieser nur durch das Leuchten seiner Augen seine Zuneigung zeigen konnte. Auch Leonardo da Vinci verbringt seine letzten drei Jahre mit seinem innigsten Freund Francesco Melzi. Bei vielen Beziehungen beträgt der Altersunterschied mehr als 20 Jahre. Für die Liebenden kein Problem, eher für ihre Fans und Verehrer/innen. Ihr Charisma hilft die Gesellschaftsprobleme zu überwinden, bei einigen jedoch nur scheinbar, denn Alkohol und Drogen lassen ihre Zukunft rosiger erscheinen als sie in Wirklichkeit ist. Der Autor recherchiert nicht nur über das große Lebensglück, sondern gibt in biografischer Kurzform einen Lebensabriss wieder. - Empfehlenswert und breit einsetzbar.</marc:subfield>
   </marc:datafield>
   <marc:datafield ind1=" " ind2=" " tag="020">
      <marc:subfield code="a">9783850025058</marc:subfield>
      <marc:subfield code="9">9783850025058</marc:subfield>
   </marc:datafield>
   <marc:datafield ind1=" " ind2=" " tag="041">
      <marc:subfield code="a">ger</marc:subfield>
   </marc:datafield>
   <marc:datafield ind1=" " ind2=" " tag="300">
      <marc:subfield code="b">Ill.</marc:subfield>
   </marc:datafield>
   <marc:datafield ind1=" " ind2=" " tag="300">
      <marc:subfield code="a">272 S.</marc:subfield>
   </marc:datafield>
</marc:record>
